000 00649nam a2200157 a 4500
008 120416s1996 ||||||||||||||||| || u
050 _aTHESIS
100 _aChanda, Charles Mushitu
245 1 0 _aProblems and prospects of business finance in the Zambian liberalised economy
_cthesis supervised by Mwenya, D.
246 _aa case for the fabricated metal industry
260 _aKitwe
_bCopperbelt University School of Business
_c1996
350 _a0.00
650 0 _aBUSINESS
650 _aCORPORATIONS--FINANCE
995 _D0.00
_FCBU-MAIN LIBRARY (Kitwe)
_H1
_I0.00
_M1
_UAVAILABLE
_ZUniversity Collection
999 _c54777
_d54777